| 000 | 01087cam a2200325 a 4500 | ||
|---|---|---|---|
| 001 | 3313738 | ||
| 003 | OSt | ||
| 005 | 20230622152719.0 | ||
| 008 | 840413s1984 dcua b 000 0 eng | ||
| 010 | _a 84009206 | ||
| 020 | _a0844735590 | ||
| 020 | _z0844735604 (pbk.) | ||
| 040 |
_aDLC _cDLC _dDLC |
||
| 043 | _an-us--- | ||
| 050 | 0 | 0 |
_aHD39.3 _b.F68 1984 |
| 082 | 0 | 0 |
_a328.7 _219 _bORN |
| 100 | 1 | _aFoss, Murray F. | |
| 245 | 1 | 0 |
_aChanging utilization of fixed capital : _ban element in long-term growth / _cMurray F. Foss. |
| 260 |
_aWashington : _bAmerican Enterprise Institute for Public Policy Research, _cc1984. |
||
| 300 |
_axv, 128 p. : _bill. ; _c24 cm. |
||
| 440 | 0 |
_aAEI studies ; _v407 |
|
| 490 | 1 | _aAmerican Enterprise Institute studies in economic policy | |
| 504 | _aIncludes bibliographies. | ||
| 650 | 0 |
_aIndustrial equipment _xUtilization _zUnited States. |
|
| 650 | 0 |
_aCapital _zUnited States. |
|
| 650 | 0 |
_aHours of labor _zUnited States. |
|
| 830 | 0 | _aStudies in economic policy. | |
| 906 |
_a7 _bcbc _corignew _d1 _eocip _f19 _gy-gencatlg |
||
| 942 |
_2ddc _cBK |
||
| 999 |
_c2363 _d2363 |
||